| 000 | 01387nam a2200229Ia 4500 | ||
|---|---|---|---|
| 003 | Ost | ||
| 005 | 20260507075210.0 | ||
| 008 | 260507s9999||||xx |||||||||||||| ||und|| | ||
| 020 | _a7013359957 | ||
| 040 | _cfsecg | ||
| 041 | _aara | ||
| 082 | _a330 | ||
| 100 |
_aبني عطا، بسام حسين _eمؤلف |
||
| 245 | 0 |
_aالجدوى الاقتصادية للمشروعات : _bتحليل و دراسة / _c بسام حسين بني عطا |
|
| 260 |
_aعمان: _bمركز الكتاب الاكاديمي, _c2010 |
||
| 300 |
_a178 صفحة؛ _bإيضاحات ؛ _c24 سم |
||
| 504 | _aمراجع ص.127 | ||
| 520 | _aتعريف المشروع و مراحله ، تعريف تحليل الجدوى ، ضرورة تحليل و دراسة جدوى المشروع و أسلوب هذه الدراسة ، و مراحلها المتمثلة في مرحلة الدراسة ماقبل الاستثمار ، مرحلة دراسة الجدوى التمهيدية و مرحلة الدراسة التفصيلية لجدوى المشروع ، تقييم جدوى المشروعات و تحليل الربحية الاجتماعية ، أمثلة على هياكل و نماذج دراسات الجدوى مع دراسات أسواق و معايير الجدوى الاقتصادية للمشروعات . | ||
| 653 | _aالاقتصاد | ||
| 653 | _aالمشاريع | ||
| 942 | _cكتاب | ||
| 999 |
_c43459 _d43459 |
||